000 00486nam a22001817a 4500
003 OSt
005 20260320104254.0
008 260320b |||||||| |||| 00| 0 eng d
020 _a9788125025962
040 _beng
_cHDL
082 _a950 P4
100 _aBabdyopadhyay, Sekhar
_91132610
245 _aFrom Plassey to Partition:
_bA History of Modern India
260 _aNew Delhi;
_bOrient Blackswan,
_c2004.
300 _axix,523p.
942 _2CC
_cTEXL
_n0
999 _c1715807
_d1715807